| 000 | 01229nam a2200325 a 4500 | ||
|---|---|---|---|
| 001 | 000115573 | ||
| 003 | CHAP | ||
| 005 | 20220329144540.0 | ||
| 008 | 190607s2018 mx a |sm |||||||spa d | ||
| 010 | _a112034 | ||
| 011 | _a113006 | ||
| 040 | _cCHAP | ||
| 090 | _aTesis | ||
| 100 | 1 |
_aMartín Ventura, Octavio. _9135973 |
|
| 245 | 1 | 0 |
_aRespuesta de crecimiento y desarrollo de tres especies de turbinicarpus injertadas en tres portainjertos diferentes para su conservación. _h[En línea] _cpor Octavio Martín Ventura. |
| 260 |
_aChapingo, Méx. : _bEl autor, _c2018. |
||
| 500 | _aPara ver el contenido del material haga clic en la liga | ||
| 502 | _aTesis (Ing. Agr. Esp. en Fitotecnia) -- UACH. Departamento de Fitotecnia | ||
| 590 |
_aBATCH-UPD _b05 _c20190607 _lUCH01 _h1453 |
||
| 590 |
_aE6339RRR _b05 _c20190607 _lUCH01 _h1452 |
||
| 590 |
_aE6339RRR _b05 _c20190607 _lUCH01 _h1452 |
||
| 650 | 1 | 4 |
_aCactáceas _xFisiología y morfología. _917005 |
| 650 | 1 | 4 |
_aCactáceas _xInjertos. _917007 |
| 650 | 1 | 4 |
_aCactáceas _xPreservación. _917012 |
| 650 | 1 | 4 |
_aCactáceas _xVariedades. _917018 |
| 856 |
_aFinding aid _uhttp://10.13.5.2/tesis/sist115573.pdf _zTeclea aquí |
||
| 901 | _aBK | ||
| 942 | _cTESIS | ||
| 942 | _n0 | ||
| 999 |
_c112034 _d112034 |
||